Legislación de seguros / (Record no. 10126)

MARC details
000 -LEADER
campo de control de longitud fija 00943nam a2200277 i 4500
001 - NÚMERO DE CONTROL
campo de control 10126
003 - IDENTIFICADOR DE NÚMERO DE CONTROL
campo de control ES-MaACL
005 - FECHA Y HORA DE LA ÚLTIMA TRANSACCIÓN
campo de control 20230906145826.0
007 - CAMPO FIJO DE DESCRIPCIÓN FÍSICA--INFORMACIÓN GENERAL
campo de control de longitud fija t|
008 - DATOS DE LONGITUD FIJA--INFORMACIÓN GENERAL
campo de control de longitud fija 950214s1994 sp ||||1| spa d
020 ## - NÚMERO INTERNACIONAL ESTÁNDAR DEL LIBRO
Número Internacional Estándar del Libro 84-470-0328-0
080 ## - NÚMERO DE LA CLASIFICACIÓN DECIMAL UNIVERSAL
Número de la Clasificación Decimal Universal 368.032:351.84(46)"19"(094.5)
080 ## - NÚMERO DE LA CLASIFICACIÓN DECIMAL UNIVERSAL
Número de la Clasificación Decimal Universal 351.84(46)"19"(094.5):368.032
130 0# - ENTRADA PRINCIPAL--TÍTULO UNIFORME
Título uniforme España.
Subencabezamiento de forma [Leyes, etc. de seguros]
9 (RLIN) 121299
245 10 - MENCIÓN DEL TÍTULO
Título Legislación de seguros /
Mención de responsabilidad, etc. edición preparada por José Ramón del Caño Palop, Ana Antelo Suárez.
250 ## - MENCION DE EDICION
Mención de edición [1ª ed.].
260 ## - PUBLICACIÓN, DISTRIBUCIÓN, ETC.
Lugar de publicación, distribución, etc. Madrid :
Nombre del editor, distribuidor, etc. Civitas,
Fecha de publicación, distribución, etc. 1994.
300 ## - DESCRIPCIÓN FÍSICA
Extensión 460 p. ;
Dimensiones 16 cm.
490 1# - MENCIÓN DE SERIE
Mención de serie Biblioteca de legislación ;
Designación de volumen o secuencia 20
650 14 - PUNTO DE ACCESO ADICIONAL DE MATERIA--TÉRMINO DE MATERIA
Término de materia o nombre geográfico como elemento de entrada Seguros-
Subdivisión geográfica España-
Subdivisión general Legislación.
9 (RLIN) 17025
700 1# - ENTRADA AGREGADA--NOMBRE PERSONAL
Nombre de persona Caño Palop, José Ramón del,
Término indicativo de función/relación
9 (RLIN) 34770
700 1# - ENTRADA AGREGADA--NOMBRE PERSONAL
Nombre de persona Antelo Suárez, Ana,
Término indicativo de función/relación
9 (RLIN) 21871
830 0# - PUNTO DE ACCESO ADICIONAL DE SERIE-TÍTULO UNIFORME
Título uniforme Biblioteca de legislación ;
Designación de volumen o secuencia 20
9 (RLIN) 177899
852 ## - LOCALIZACIÓN
Ubicación ES-MaACL
Número de control de estantería L-17592
Sublocalización o colección R.123736
Holdings
Estatus retirado Estado de pérdida Estado de daño No para préstamo Biblioteca de origen Biblioteca actual Ubicación en estantería Fecha de adquisición Fuente de adquisición Total de préstamos Signatura topográfica completa Código de barras Visto por última vez Precio de reemplazo Tipo de ítem Koha
        Biblioteca del Ateneo de Madrid Biblioteca del Ateneo de Madrid Depósito 2 17/01/2008     L-17592 1010335 23/02/2023 23/02/2023 Libro impreso